000 00882nam a2200265Ia 4500
003 OSt
005 20221005090954.0
006 a|||||r|||| 00| 0
007 ta
008 221004b |||||||| |||| 00| 0 eng d
020 _a9780199584758 (hbk)
_c2100
024 _a102989
037 _b30026, 03/08/2010, Segment Book Distributors
_cTextual
040 _aCRL
_cCRL
_beng
041 _2eng
_aeng
082 _aY:434.4, Q0 (906)
100 _aNissanke Machiko Ed.
245 0 _aPoor under globalization in Asia, Latin America, and Africa
260 _aNew York
_bOxford University of Press U.S.A
_c2010
300 _axxii, 474p.
_ccm.
650 _aSOCIOLOGY
700 _a Thorbecke Erik Ed.
942 _hY:434.4, Q0 (906)
_cTEXL
_2cc
999 _c996628
_d996628